The church in crisis. A history of the general councils 325-1870
Saved in:
| Hovedforfatter: | |
|---|---|
| Format: | Bog |
| Sprog: | engelsk |
| Udgivet: |
Nueva York
Image Books
1961
|
| Fag: | |
| Tags: |
Tilføj Tag
Ingen Tags, Vær først til at tagge denne postø!
|
MARC
| LEADER | 00000nam a2200000 a 4500 | ||
|---|---|---|---|
| 001 | UCI4626 | ||
| 003 | CL-VaPUC | ||
| 008 | 080125e19610000US |||||||||||||||||eng|d | ||
| 082 | 0 | 4 | |a 270 |b HUG |2 21 |
| 100 | |a Hughes, Philip |e author |9 526608 | ||
| 245 | 1 | 4 | |a The church in crisis. A history of the general councils 325-1870 |
| 300 | |a 438 p | ||
| 942 | |c BK | ||
| 945 | |d 20080125 00:00:00 |a rbrito | ||
| 260 | |a Nueva York |b Image Books |c 1961 | ||
| 500 | |a Donación Padres Capuchinos | ||
| 650 | 0 | |a Historia de la iglesia |9 257565 | |
| 650 | 0 | |a Sínodos |9 387791 | |
| 650 | 0 | |a Concilios |9 315984 | |
| 583 | |a last modification |c 20080125 00:00:00 |k Rodrigo Vera | ||
| 999 | |c 328530 |d 328528 | ||
| 952 | |0 0 |1 0 |4 0 |6 270_000000000000000_HUG_1961 |7 0 |8 X |9 412460 |a FDOBUD |b FDOBUD |d 2019-11-22 |i 440467K |o 270 HUG 1961 |p 440467K |r 2019-11-22 |w 2019-11-22 |y BK_X |k BUD | ||